Memories and Meanings (Record no. 6854)

MARC details
000 -LEADER
fixed length control field 00428nam a2200169 a 4500
082 00 - DEWEY DECIMAL CLASSIFICATION NUMBER
Classification number 920
-- 291.172
Author Cutter RAH
100 ## - MAIN ENTRY--AUTHOR NAME
Author name Rahbar, Daud
245 ## - TITLE STATEMENT
Title Memories and Meanings
260 ## - PUBLICATION, DISTRIBUTION, ETC. (IMPRINT)
Place of publication Boston
Name of publisher Daud Rahbar
Year of publication 1985
300 ## - PHYSICAL DESCRIPTION
Number of Pages 638p
500 ## - GENERAL NOTE
General note includes index and biblioraphy
505 2# - FORMATTED CONTENTS NOTE
Formatted contents note index
650 ## - SUBJECT ADDED ENTRY--TOPICAL TERM
Topical Term Reconciliation-Interfaith Musl Chri
650 ## - SUBJECT ADDED ENTRY--TOPICAL TERM
Topical Term Daud Rahbar-Autobiography
942 ## - ADDED ENTRY ELEMENTS (KOHA)
Koha item type Books
700 1# -
-- Rahbar, Daud
Holdings
Collection code Home library Current library Shelving location Date acquired Cost, normal purchase price Full call number Accession Number Koha item type
Reference Henry Martyn Institute Library Henry Martyn Institute Library Reference 07/17/2007 100.00 920 RAH 013171 Books
                   Copyright © 2026 | Henry Martyn Institute | Hyderabad | TS-500052 | INDIA | Implemented by hmi.edu.in
Hit-Count:

Powered by Koha